Online Catalogue and eLibrary

Buddha in the Crown : (Record no. 931)

MARC details
000 -LEADER
fixed length control field 00268nam a2200097Ia 4500
008 - FIXED-LENGTH DATA ELEMENTS--GENERAL INFORMATION
fixed length control field 240331s9999 xx 000 0 und d
082 ## - DDC Classification
Class No. 294.3
Item Number - Author Mark HOL
100 ## - MAIN ENTRY--PERSONAL NAME
Personal name Holt, J.C
245 #0 - TITLE STATEMENT
Title Buddha in the Crown :
Remainder of title Avalokitesvara in the Buddhist Traditons of Sri Lanka
942 ## - Koha item type (Biblio)
Koha item type Books in Stacks (Lending)
Holdings
Lost status Damaged status Collection code Home library Current library Shelving location Date acquired Full call number Accession Number Item type
    Lending WERC Library WERC Library Social Science Cupboard 03/31/2024 294.3 HOL 564 Books in Stacks (Lending)

© WERC Library